Wards of Southwark, London (2002 - 2022) - Statistics

General Stats
  • This quiz has been taken 11 times
  • The average score is 7 of 21
Answer Stats
Answer % Correct
Peckham
100%
Nunhead
89%
Rotherhithe
78%
East Dulwich
56%
Camberwell Green
44%
Faraday
44%
Peckham Rye
44%
Cathedrals
33%
South Bermondsey
33%
Surrey Docks
33%
College
22%
Newington
22%
Riverside
22%
Village
22%
Chaucer
11%
Livesey
11%
Brunswick Park
0%
East Walworth
0%
Grange
0%
South Camberwell
0%
The Lane
0%
No matching quizzes found
Score Distribution
Percent of People with Each Score
Percentile by Number Answered
Your Score History
You have not taken this quiz